000 00589nam a22002177a 4500
003 UA-OsUOA
001 52053
007 ta
008 20080129b un ||||| |||| 00| 0 ukr d
100 _aКислий О.
090 _a326
_bК-44
942 _cSA
040 _aUA-OsUOA
_bukr
_cUA-OsUOA
_dUA-OsUOA
245 _aПро різнокольорових корів прогресу, або "Сіно-солома" наших політологів.
300 _aС.4
955 _a0
041 _aukr
080 _a326
773 0 _w52051
650 7 _a32 Політика
_2UDC
999 _c338150
_d338150